| 000 | 00838pam a2200289 i 4500 | ||
|---|---|---|---|
| 999 |
_c533206 _d533206 |
||
| 001 | 832116 | ||
| 003 | NUST | ||
| 005 | 20191216111923.0 | ||
| 008 | 770701s1978 nyua b 000 0 eng | ||
| 010 | _a 77023895 | ||
| 020 | _a0470992824 | ||
| 038 | _aMSOHAIL | ||
| 040 |
_aDLC _cDLC _dDLC |
||
| 050 | 0 | 0 |
_aTN279 _b.L314 1978 |
| 082 | 0 | 0 |
_a624.152 _bLAN |
| 100 | 1 |
_aLangefors, U. _926994 |
|
| 245 | 1 | 4 |
_aThe modern technique of rock blasting / _cby U. Langefors and B. Kihlström. |
| 250 | _a3d ed. | ||
| 260 |
_aNew York : _bWiley, _cc1978. |
||
| 300 |
_a438 p. : _bill. ; _c24 cm. |
||
| 500 | _a"A Halsted Press book." | ||
| 504 | _aBibliography: p. 398-407. | ||
| 650 | 0 |
_aBlasting. _926995 |
|
| 700 | 1 |
_aKihlström, Björn, _ejoint author. _926996 |
|
| 906 |
_a7 _bcbc _corignew _d1 _eocip _f19 _gy-gencatlg |
||
| 942 |
_2ddc _cBK |
||